000 00551cam a2200193 4500500
005 20260329002212.0
041 _afre
042 _adc
100 1 0 _ade Gaudemar, Martine
_eauthor
245 0 0 _aGottfried Wilhelm Leibniz
260 _c2011.
500 _a72
690 _aLeibniz
690 _aMonade
690 _aRéel
690 _aUnivers
786 0 _nPhilosophie magazine | 48 | 4 | 2011-04-01 | p. 35-35 | 1951-1787
856 4 1 _uhttps://shs.cairn.info/magazine-philosophie-magazine-2011-4-page-35?lang=fr&redirect-ssocas=7080
999 _c1812672
_d1812672